000 00400nam a22001097a 4500
008 230605b xxu||||| |||| 00| 0 eng d
082 _a328.0683
_bCPST
245 _aHuman Resources Management and Administration in the Legislative
_bA Manual of the Center for Parliamentary Studies and Training
260 _aKenya
_bCenter for Parliamentary Studies and Training
_c2015
300 _a442 p
942 _2ddc
_cBK
999 _c454
_d454